ბათუმის შოთა რუსთაველის სახელმწიფო უნივერსიტეტის ბიბლიოთეკა

ნიკო ფიროსმანაშვილი = Нико Фиросманашвили, 1862-1918 : (ბიბ.ჩანაწერი № 60317)

000 -ლიდერი
ფიქსირებული სიგრძის საკონტროლო ველი 01880nam a22002177a 4500
003 - საკონტროლო ნომრის იდენტიფიკატორი
საკონტროლო ველი Ge_BSU
005 - ბოლო ოპერაციის თარიღი და დრო
საკონტროლო ველი 20230628154831.0
008 - ფიქსირებული სიგრძის მონაცემთა ელემენტები - ზოგადი ინფორმაცია
ფიქსირებული სიგრძის საკონტროლო ველი 230628s2007 ge ||||| |||| 00| 0 geo d
020 ## - წიგნის საერთაშორისო სტანდარტული ნომერი
International Standard Book Number 9789994007387
041 ## - ენის კოდი
Language code of text/sound track or separate title geo
080 ## - უნივერსალური ათობითი კლასიფიკაციის ინდექსი
Universal Decimal Classification number 75(479.22)(092 ფიროსმანი)(084.1) ბ-52
100 ## - მთავარი ჩანაწერი - პიროვნების სახელი
Personal name ბერიძე, ვახტანგ
9 (RLIN) 11489
245 ## - ცნობა სათაურის შესახებ
Title ნიკო ფიროსმანაშვილი = Нико Фиросманашвили, 1862-1918 :
Remainder of title [ალბომი ქართ. და რუს. ენ.] /
Statement of responsibility, etc ვახტანგ ბერიძე; [რედ. მერი კარბელაშვილი; წიგნი გამოსაც. მოამზადა გიორგი მარსაგიშვილმა]; საქ. კულტ., ძეგლთა დაცვისა და სპორტის სამინ., გიორგი ჩუბინაშვილის სახელ. ქართ. ხელოვნ. ისტ. და ძეგლთა დაცვის კვლ. ეროვნ. ცენტრი.
264 ## - წარმოების, გამოცემის, დისტრიბუციის და სხვა ცნობები
გამოცემის, წარმოების, დისტრიბუციის... ადგილი თბილისი,
გამოცემის, წარმოების, დისტრიბუციის... თარიღი 2007.
300 ## - ფიზიკური აღწერა
Extent 173გვ. :
Other physical details ილ. ;
Dimensions 23სმ.
653 ## - INDEX TERM--UNCONTROLLED
Uncontrolled term ფიროსმანაშვილი, ნიკო - ალბომები
700 ## - ADDED ENTRY--PERSONAL NAME
Personal name კარბელაშვილი, მერი
Relator term რედაქტორი
9 (RLIN) 19044
700 ## - ADDED ENTRY--PERSONAL NAME
Personal name მარსაგიშვილი, გიორგი
Relator term გამომცემელი
9 (RLIN) 18681
710 ## - ADDED ENTRY--CORPORATE NAME
Corporate name or jurisdiction name as entry element საქ. კულტ., ძეგლთა დაცვისა და სპორტის სამინ., გიორგი ჩუბინაშვილის სახელ.
Subordinate unit ქართ. ხელოვნ. ისტ. და ძეგლთა დაცვის კვლ. ეროვნ. ცენტრი.
9 (RLIN) 19045
942 ## - ADDED ENTRY ELEMENTS (KOHA)
Source of classification or shelving scheme
Koha item type წიგნი
ეგზემპლარები
ჩამოწერის სტატუსი დაკარგული ეგზემპლარის სტატუსი კლასიფიკაციის წყარო ან თაროზე გაწყობის სქემა დაზიანების სტატუსი არ გაიცემა მუდმივი მდებარეობა (დაცვის ადგილი) ამჟამინდელი ადგილსამყოფელი თაროზე განთავსების ადგილი შეძენის თარიღი ღირებულება, შესყიდვის ნორმალური ფასი სრული შენახვის შიფრი შტრიხკოდი ბოლო ოპერაციის თარიღი ეგზემპლარის მიმდევრობითი ნომერი (კეტერი?) Uniform Resource Identifier ფასის ძალაში შესვლის თარიღი ეგზემპლარის სახეობა საჯარო შენიშვნა
          ბათუმის შოთა რუსთაველის სახელმწიფო უნივერსიტეტის მთავარი ბიბლიოთეკა ბათუმის შოთა რუსთაველის სახელმწიფო უნივერსიტეტის მთავარი ბიბლიოთეკა წიგნსაცავი 2023-06-28 15.00 75(479.22)(092 ფიროსმანი)(084.1) ბ-52 64850 2023-06-28 64850 ბსუ-ს საპატიო დოქტორის გურამ ლორთქიფანიძის საჩუქარი 2023-06-28 წიგნი 15 ლ.